000
00330nam a2200133Ia 4500
008
240624s9999 xx 000 0 und d
041
_a
eng
082
_a
658.408 OKP
100
_a
OKPARA JOHN
245
_a
CORPORATE SOCIAL RESPONSIBILITY CHALLENG
260
_c
2013
_a
leaders
_b
Springer
300
_a
296 : p.
365
_c
ERU
_b
30
999
_c
24364
_d
24364